Scenario planning : managing for the future.
| Main Author: | |
|---|---|
| Format: | Book |
| Published: |
West Sussex:
John Wiley & Sons,
2006.
|
| Edition: | 2nd ed.. |
| Subjects: |
| LEADER | 00553cam a2200193 7i4500 | ||
|---|---|---|---|
| 001 | 0000026045 | ||
| 005 | 20220119090000.0 | ||
| 020 | 0 | 0 | |a 978047001881 |
| 090 | 0 | 0 | |a B 658.4012 |b RIN |
| 100 | 1 | 0 | |a Ringland |
| 245 | 1 | 0 | |a Scenario planning : |b managing for the future. |
| 250 | 0 | 0 | |a 2nd ed.. |
| 260 | 0 | 0 | |a West Sussex: |b John Wiley & Sons, |c 2006. |
| 300 | # | # | |a 478 p. |
| 650 | 0 | 0 | |a Strategic planning |
| 650 | 0 | 0 | |a Communication in management |
| 650 | 0 | 0 | |a Business planning |
| 650 | 0 | 0 | |a Decision making |
| 999 | |a B000028335 |b Book |c Book |e Business Information Centre | ||